LEADER 01001nam a2200241 i 4500 001 000000155064 003 CaOOAMICUS 005 20090407000000.0 008 090407s1986 it u000 u mul u 013 $a132413 040 $aSeMil$bita 100 1 $aCrosta, Paolo.$0(OLS)http://semarc/name/15659 245 10$aComerio :$bun poggio a nord del lago : note storiche e paesistiche /$cPaolo Crosta. 260 $aGavirate (VA) :$bNicolini,$c1986. 300 $a155 p. :$briccamente ill. ;$c31 cm. 500 $aIn preliminari : Dedica autografa. - Fondo Card. Giovanni Colombo. 650 4$aComerio.$0(OLS)http://semarc/subject/6303 850 $aSeMil 852 $aSeMil$W1$xVenegono$y1$m3P VI 368$j106915$B106915$CSeMilBibl$Z2$F142721 $81 941 1 $a3 961 $aLascito: Colombo Card. Giovanni 996 $6245$aComerio :$bun poggio a nord del lago : note storiche e paesistiche$9(OLS)http://semarc/title/227058 996 $6260$aGavirate (VA) :$bNicolini$9(OLS)http://semarc/publisher/40215 LEADER 01375nam a2200289 i 4500 001 000000027403 003 CaOOAMICUS 005 20240430113535.0 008 180830s1737 it u000 u lat u 040 $aSeMil$bita 100 1 $aGonzález Téllez, Manuel,$d.$0(OLS)http://semarc/name/12448 245 10$aD. D. Emanuelis Gonzales Tellez, ... Commentaria perpetua in singulos textus quinque librorum Decretalium Gregorii 9. Tomus 1. [-5.]. 260 $aMaceratae ; Venetiis :$bApud Nicolaum Pezzana,$c1737. 300 $a5 v. ;$cfol. 500 $aFregio con insegne papali sui front. 500 $aLegati insieme i vol. 4 e 5 500 $aIl numero 9 č espresso IX sui front. 650 4$aGregorio IX - Atti e Decreti.$0(OLS)http://semarc/subject/809 700 1 $aPezzana, Nicolň,$c.$0(OLS)http://semarc/name/2800 774 0 $tTomus 1.$g1$w()52435 774 0 $tTomus 2.$g2$w()218636 774 0 $tTomus 3.$g3$w()218637 774 0 $tTomus 4.$g4$w()218635 774 0 $tTomus 5.$g5$w()218638 996 $6245$aD. D. Emanuelis Gonzales Tellez, ... Commentaria perpetua in singulos textus quinque librorum Decretalium Gregorii 9. Tomus 1. [-5.]$9(OLS)http://semarc/title/37096 996 $6260$aMaceratae ; Venetiis :$bApud Nicolaum Pezzana$9(OLS)http://semarc/publisher/37254